000 00446nam a2200169Ia 4500
008 100917s9999 xx 000 0 und d
082 _b3660
100 _aभिडे भि. गो.
245 _aहनिफा बेगम
260 _b---
365 _b2
520 _aकादंबरी
630 _aहनिफा बेगम
650 _aकादंबरी
730 _aहनिफा बेगम
942 _cBOOK
999 _c609054
_d609051